| 000 | 00341 a2200133 4500 | ||
|---|---|---|---|
| 082 | _a954.9105 | ||
| 090 |
_c1264 _d1264 |
||
| 100 | _aAbdul Qayum. | ||
| 245 |
_a Zia-ul-Haq and I _cAbdul Qayum. |
||
| 260 |
_aRawalpindi: _bThe Army Press, _c 1997. |
||
| 300 |
_aix, 73 p. _b ill. _c22 cm. |
||
| 500 | _a Includes Index | ||
| 942 |
_cBK _k954.9105 QAY |
||
| 999 |
_c5222 _d5222 |
||